KOHA-Header-6

Digital Design (Record no. 8014)

000 -LEADER
fixed length control field 00254nam a2200109Ia 4500
100 ## - MAIN ENTRY--AUTHOR NAME
Personal name M.Morris Mano
245 #0 - TITLE STATEMENT
Title Digital Design
260 ## - PUBLICATION, DISTRIBUTION, ETC. (IMPRINT)
Place of publication USA
Name of publisher Tata McGraw Hill
Year of publication 1994
300 ## - PHYSICAL DESCRIPTION
Number of Pages 204
942 ## - ADDED ENTRY ELEMENTS (KOHA)
Koha item type Books
Holdings
Withdrawn status Lost status Collection code Permanent Location Current Location Shelving location Date acquired Full call number Accession Number Koha item type
    Computer Science MAJU MAJU Shelf No.A19 2019-09-13 621.2 2346 Books

Powered by Koha